[Event "BL 0506 SC Eppingen - Hamburger SK"]
[Site "?"]
[Date "2006.04.02"]
[Round "15.2"]
[White "Postny, Evgeny"]
[Black "Ftacnik, Lubomir"]
[Result "1/2-1/2"]
[WhiteElo "2571"]
[BlackElo "2612"]
[PlyCount "83"]
[EventDate "2006.??.??"]

1. e4 c5 2. Nf3 d6 3. d4 cxd4 4. Nxd4 Nf6 5. Nc3 a6 6. Be3 e5 7. Nf3 Be7 8. Bc4
O-O 9. O-O Be6 10. Bb3 Nc6 11. Qe2 Na5 12. Rfd1 Nxb3 13. axb3 Qc7 14. Bg5 Nh5
15. Nxe5 Bxg5 16. Qxh5 Bf6 17. Nf3 Bxc3 18. bxc3 Qxc3 19. Nd4 Rfe8 20. Qa5 Qxa5
21. Rxa5 Rac8 22. c4 Kf8 23. f3 Rc5 24. Ra2 Ke7 25. Kf2 g6 26. h4 h5 27. Kg3
Rd8 28. Kf4 f6 29. Ke3 a5 30. Ne2 b6 31. Nc3 Rd7 32. Rd4 Rd8 33. Rad2 Rd7 34.
Kf2 Rc6 35. Re2 Kf7 36. Re1 Rc5 37. Red1 Ke7 38. R1d3 Rc6 39. Re3 Kf7 40. Na4
Rb7 41. Nc3 Rd7 42. Kg3 1/2-1/2

[Event "BL 0506 SC Eppingen - Hamburger SK"]
[Site "?"]
[Date "2006.04.02"]
[Round "15.3"]
[White "Hansen, Sune Berg"]
[Black "Acs, Peter"]
[Result "0-1"]
[WhiteElo "2555"]
[BlackElo "2518"]
[PlyCount "76"]
[EventDate "2006.??.??"]

1. e4 e5 2. Nf3 Nc6 3. Bb5 a6 4. Ba4 Nf6 5. d3 Bc5 6. O-O d6 7. c3 O-O 8. h3
Ba7 9. Re1 Ne7 10. Nbd2 Ng6 11. Nf1 b5 12. Bc2 Re8 13. Ng3 h6 14. d4 Bb7 15. a4
Bb6 16. Qd3 d5 17. dxe5 dxe4 18. Qxd8 Raxd8 19. Nxe4 Nxe4 20. Bxe4 Nxe5 21.
Nxe5 Rxe5 22. Bh7+ Kxh7 23. Rxe5 Rd1+ 24. Kh2 Bxf2 25. Rf5 Bg1+ 26. Kg3 Rd3+
27. Kh4 Bh2 28. Rxf7 Bxg2 29. axb5 Kg6 30. Rxg7+ Kxg7 31. Rxa6 Rxh3+ 32. Kg4
h5+ 33. Kf5 Bd6 34. b6 Rf3+ 35. Ke6 Rf6+ 36. Kd7 Rf7+ 37. Ke6 Re7+ 38. Kf5 Re5+
0-1

[Event "BL 0506 SC Eppingen - Hamburger SK"]
[Site "?"]
[Date "2006.04.02"]
[Round "15.4"]
[White "Braun, Arik"]
[Black "Mueller, Karsten Dr"]
[Result "1-0"]
[WhiteElo "2465"]
[BlackElo "2489"]
[PlyCount "117"]
[EventDate "2006.??.??"]

1. d4 Nf6 2. c4 c5 3. d5 e6 4. Nc3 exd5 5. cxd5 d6 6. e4 g6 7. f4 Bg7 8. Bb5+
Nfd7 9. a4 O-O 10. Nf3 Na6 11. O-O Nb4 12. Re1 a6 13. Bf1 Re8 14. h3 f5 15. Ng5
Nf8 16. Bc4 h6 17. Nf3 fxe4 18. Nxe4 Bf5 19. Ng3 Bc2 20. Qd2 Qf6 21. Ra3 b6 22.
Kh2 Qf7 23. Qf2 Qd7 24. Rxe8 Rxe8 25. Bxa6 Bxa4 26. Qf1 Rb8 27. Be2 Bc2 28. Ne1
Bb1 29. Bd2 Bxb2 30. Rb3 Qg7 31. Bxb4 cxb4 32. Nd3 Bxd3 33. Bxd3 Bc3 34. Bb5
Ra8 35. Ne4 Ra1 36. Qd3 Bd4 37. Rxb4 Bg1+ 38. Kg3 Re1 39. Nf2 Qe7 40. Kf3 Qh4
41. Qd2 Ra1 42. Rb3 Bh2 43. Ne4 Ra2 44. Qxa2 Qxf4+ 45. Ke2 Qxe4+ 46. Kf1 Qd4
47. Ke1 Qc5 48. Qd2 h5 49. Qc3 Qg1+ 50. Bf1 Bf4 51. Ke2 h4 52. Rb4 g5 53. Qd4
Qh2 54. Rxb6 g4 55. Rb3 Bg5 56. Rb7 Bh6 57. Qxg4+ Kh8 58. Qd4+ Kg8 59. Qf6 1-0

[Event "BL 0506 SC Eppingen - Hamburger SK"]
[Site "?"]
[Date "2006.04.02"]
[Round "15.6"]
[White "Medvegy, Zoltan"]
[Black "Heinemann, Thies"]
[Result "1/2-1/2"]
[WhiteElo "2478"]
[BlackElo "2441"]
[PlyCount "63"]
[EventDate "2006.??.??"]

1. d4 Nf6 2. Nf3 g6 3. c4 c5 4. d5 b5 5. cxb5 a6 6. Qc2 d6 7. e4 Bg7 8. Nc3 O-O
9. a4 Ne8 10. Ra3 f5 11. Bd3 fxe4 12. Bxe4 Nf6 13. O-O Nxe4 14. Qxe4 axb5 15.
Nxb5 Nd7 16. Ng5 Nf6 17. Qh4 h6 18. Ne6 Bxe6 19. dxe6 g5 20. Qc4 Qc8 21. Be3
Qb7 22. b4 cxb4 23. Qxb4 Rfb8 24. h4 Qd5 25. hxg5 hxg5 26. Rb1 Qf5 27. Rbb3 Nd5
28. Qd2 g4 29. Qd3 Nxe3 30. Qxe3 Be5 31. Rb4 Rf8 32. Nd4 1/2-1/2

[Event "BL 0506 SC Eppingen - Hamburger SK"]
[Site "?"]
[Date "2006.04.02"]
[Round "15.7"]
[White "Van Delft, Merijn"]
[Black "Rau, Hannes"]
[Result "0-1"]
[WhiteElo "2385"]
[BlackElo "2421"]
[PlyCount "82"]
[EventDate "2006.??.??"]

1. e4 c5 2. Nf3 Nc6 3. d4 cxd4 4. Nxd4 Nf6 5. Nc3 d6 6. Bg5 e6 7. Qd2 a6 8.
O-O-O Bd7 9. f3 h6 10. Be3 b5 11. Kb1 Ne5 12. Qe1 Qc7 13. a3 Nc4 14. Bxc4 Qxc4
15. g4 g6 16. h4 h5 17. g5 Nh7 18. Nb3 Qc8 19. Bd4 e5 20. Bb6 Be6 21. Ba5 Be7
22. Nc1 O-O 23. Nd3 f6 24. f4 fxg5 25. fxg5 Bd8 26. Bxd8 Rxd8 27. Nb4 a5 28.
Nbd5 Qb7 29. a4 bxa4 30. Nxa4 Rab8 31. Qe3 Kg7 32. Ka1 Bxd5 33. exd5 Rdc8 34.
Qa3 Qb4 35. c3 Qxa3+ 36. bxa3 Rc4 37. Nb2 Rxc3 38. Rd3 Rxd3 39. Nxd3 Rb3 40.
Rd1 Rxa3+ 41. Kb2 Ra4 0-1

[Event "BL 0506 SC Eppingen - Hamburger SK"]
[Site "?"]
[Date "2006.04.02"]
[Round "15.8"]
[White "Miltner, Arndt"]
[Black "Sebastian, Dirk"]
[Result "0-1"]
[WhiteElo "2400"]
[BlackElo "2362"]
[PlyCount "34"]
[EventDate "2006.??.??"]

1. Nf3 d5 2. e3 Nf6 3. d4 e6 4. Nbd2 c5 5. c3 Nc6 6. Bd3 Bd6 7. O-O O-O 8. dxc5
Bxc5 9. b4 Bd6 10. Bb2 e5 11. e4 Bg4 12. exd5 Nxd5 13. Ne4 Be7 14. b5 Na5 15.
Rb1 f5 16. Ng3 e4 17. h3 Bxf3 0-1

[Event "BL 0506 TV Tegernsee - Werder Bremen"]
[Site "?"]
[Date "2006.04.02"]
[Round "15.2"]
[White "Ribli, Zoltan"]
[Black "Efimenko, Zahar"]
[Result "0-1"]
[WhiteElo "2585"]
[BlackElo "2637"]
[PlyCount "122"]
[EventDate "2006.??.??"]

1. Nf3 Nf6 2. c4 g6 3. g3 Bg7 4. Bg2 O-O 5. Nc3 d6 6. O-O Nc6 7. d4 a6 8. d5
Na5 9. Nd2 c5 10. Rb1 Rb8 11. b3 b5 12. Bb2 Bh6 13. Ba1 bxc4 14. bxc4 Bf5 15.
e4 Bg4 16. f3 Be3+ 17. Kh1 Rxb1 18. Ncxb1 Bd7 19. e5 dxe5 20. Bxe5 Bd4 21. Qe2
e6 22. d6 Bxe5 23. Qxe5 Nb7 24. Nb3 Bc6 25. Nxc5 Qxd6 26. Qxd6 Nxd6 27. Rc1 a5
28. Nb3 a4 29. Nd4 Rc8 30. Nxc6 Rxc6 31. Nd2 Nd7 32. f4 Rc8 33. Kg1 Nc5 34. Rb1
Rd8 35. Kf1 Nf5 36. Ke2 Nd4+ 37. Ke3 Nc2+ 38. Ke2 Rd3 39. Rb8+ Kg7 40. Rc8 Nd4+
41. Ke1 Re3+ 42. Kd1 Nd3 43. Ne4 Nb2+ 44. Kd2 Rd3+ 45. Ke1 Rd1+ 46. Kf2 Ra1 47.
Nc3 Rc1 48. Ke3 Nf5+ 49. Kd2 Rg1 50. Bf3 Nd6 51. Ra8 Nbxc4+ 52. Kc2 a3 53. Be2
Rg2 54. Kb3 Nd2+ 55. Kxa3 Rxh2 56. Kb4 N2e4 57. Nxe4 Nxe4 58. Bd3 Nxg3 59. a4
h5 60. a5 h4 61. a6 h3 0-1

[Event "BL 0506 TV Tegernsee - Werder Bremen"]
[Site "?"]
[Date "2006.04.02"]
[Round "15.3"]
[White "Areshchenko, Alexander"]
[Black "Bischoff, Klaus"]
[Result "1-0"]
[WhiteElo "2653"]
[BlackElo "2555"]
[PlyCount "109"]
[EventDate "2006.??.??"]

1. e4 c5 2. Nf3 e6 3. d4 cxd4 4. Nxd4 Nf6 5. Nc3 d6 6. Be2 Be7 7. O-O Nc6 8.
Be3 Bd7 9. f4 Nxd4 10. Bxd4 Bc6 11. Bd3 O-O 12. Qe2 Nd7 13. Kh1 a6 14. a4 Qc7
15. Rae1 Rae8 16. e5 dxe5 17. fxe5 Nc5 18. Bxh7+ Kxh7 19. Qh5+ Kg8 20. Re3 f5
21. exf6 Bxf6 22. Rh3 Nd7 23. Qh7+ Kf7 24. Bxf6 Nxf6 25. Rh6 Qe5 26. Rhxf6+
Qxf6 27. Rxf6+ Kxf6 28. Kg1 Rd8 29. Qh4+ Kf7 30. b4 Kg8 31. Qe1 e5 32. b5 axb5
33. axb5 Be8 34. Qxe5 Rd2 35. h4 Bf7 36. Ne4 Rd5 37. Qc7 Rxb5 38. Ng5 Rb4 39.
Qe7 Rf4 40. g3 Rf5 41. Kh2 Bd5 42. Kh3 R5f6 43. h5 b5 44. Qe2 Bc4 45. Qe4 Rh6
46. g4 Kh8 47. Kh4 Bg8 48. Qb7 Bc4 49. c3 Rhf6 50. Qe7 Bg8 51. Ne4 Rf4 52. Qe5
Rf1 53. Ng3 R1f6 54. Nf5 Bh7 55. Nxg7 1-0

[Event "BL 0506 TV Tegernsee - Werder Bremen"]
[Site "?"]
[Date "2006.04.02"]
[Round "15.4"]
[White "Kindermann, Stefan"]
[Black "Hracek, Zbynek"]
[Result "0-1"]
[WhiteElo "2535"]
[BlackElo "2581"]
[PlyCount "102"]
[EventDate "2006.??.??"]

1. e4 c5 2. d3 Nc6 3. f4 g6 4. Nf3 Bg7 5. g3 d5 6. Qe2 Bg4 7. c3 c4 8. dxc4
dxe4 9. Qxe4 Nf6 10. Qe3 O-O 11. Bg2 e5 12. O-O exf4 13. Qxf4 Re8 14. Nbd2 Qd7
15. Ng5 Ne5 16. Nde4 Nxe4 17. Nxe4 Be2 18. Re1 Bxc4 19. Bd2 Qc6 20. b3 Nd3 21.
Nf6+ Qxf6 22. Rxe8+ Rxe8 23. Qxf6 Bxf6 24. bxc4 Re2 25. Rd1 Be7 26. Bf1 Bc5+
27. Kh1 Nf2+ 28. Kg2 Re7 29. Rb1 Ne4 30. Be1 f5 31. Rd1 Kf7 32. Bd3 b6 33. Bc2
Nf6 34. Bd3 Ng4 35. Rb1 h5 36. h3 Nf6 37. Bf2 Bxf2 38. Kxf2 Nd7 39. Bf1 Nc5 40.
Rd1 Na4 41. Kf3 Nxc3 42. Rd8 Ne4 43. a4 Nc5 44. a5 bxa5 45. Rc8 Ne6 46. c5 Re8
47. Rxe8 Kxe8 48. c6 Ke7 49. Bc4 Nd4+ 50. Kf4 Nxc6 51. Kg5 a4 0-1

[Event "BL 0506 TV Tegernsee - Werder Bremen"]
[Site "?"]
[Date "2006.04.02"]
[Round "15.5"]
[White "Babula, Vlastimil"]
[Black "Hertneck, Gerald"]
[Result "1-0"]
[WhiteElo "2593"]
[BlackElo "2539"]
[PlyCount "91"]
[EventDate "2006.??.??"]

1. d4 Nf6 2. c4 e6 3. Nf3 b6 4. a3 Bb7 5. Nc3 Be7 6. d5 d6 7. e4 Nbd7 8. Be2 a5
9. b3 O-O 10. O-O Re8 11. Bb2 Bf8 12. Nd4 e5 13. Ndb5 Nc5 14. Qc2 Bc8 15. Bc1
g6 16. Bg5 Be7 17. b4 Na6 18. Qd2 Ng4 19. Bxe7 Qxe7 20. Na4 Nf6 21. Bd3 Nh5 22.
g3 f5 23. c5 fxe4 24. Bxe4 Nf6 25. Bg2 Bd7 26. c6 Bf5 27. Rfe1 Qf7 28. Nxb6
Rab8 29. Nxd6 cxd6 30. Nc4 Qc7 31. Nxa5 e4 32. Nc4 Qd8 33. Ne3 Re5 34. Bf1 Bc8
35. Rab1 h5 36. b5 Nc5 37. b6 Qf8 38. Rb4 Nh7 39. h4 g5 40. b7 gxh4 41. bxc8=Q
Rxc8 42. gxh4 Re7 43. Reb1 Rg7+ 44. Bg2 Qf6 45. Qb2 Qxh4 46. Qxg7+ 1-0

[Event "BL 0506 TV Tegernsee - Werder Bremen"]
[Site "?"]
[Date "2006.04.02"]
[Round "15.6"]
[White "Teske, Henrik"]
[Black "Nyback, Tomi"]
[Result "0-1"]
[WhiteElo "2487"]
[BlackElo "2563"]
[PlyCount "52"]
[EventDate "2006.??.??"]

1. e4 d6 2. f4 c5 3. Nf3 g6 4. d4 Bg7 5. dxc5 Qa5+ 6. Nc3 Nf6 7. Bd3 Qxc5 8.
Qe2 Bg4 9. Be3 Qa5 10. O-O O-O 11. a3 Nc6 12. b4 Qd8 13. Rad1 Rc8 14. Qe1 e5
15. Nb5 a6 16. Na7 Nxa7 17. fxe5 Nd7 18. Bxa7 b6 19. exd6 Ra8 20. Qg3 Bxf3 21.
gxf3 Rxa7 22. f4 Re8 23. Rde1 g5 24. e5 gxf4 25. Rxf4 Nxe5 26. Ref1 Re6 0-1

[Event "BL 0506 TV Tegernsee - Werder Bremen"]
[Site "?"]
[Date "2006.04.02"]
[Round "15.7"]
[White "Fish, Gennadij"]
[Black "Bromberger, Stefan"]
[Result "1/2-1/2"]
[WhiteElo "2550"]
[BlackElo "2478"]
[PlyCount "110"]
[EventDate "2006.??.??"]

1. d4 Nf6 2. c4 c5 3. d5 e6 4. Nc3 exd5 5. cxd5 d6 6. Nf3 g6 7. g3 Bg7 8. Bg2
O-O 9. O-O Re8 10. Nd2 a6 11. a4 Nbd7 12. h3 Rb8 13. Nc4 Nb6 14. Na3 Bd7 15.
Bf4 Qc7 16. a5 Nc8 17. Nc4 Nh5 18. Bd2 f5 19. Rc1 b5 20. axb6 Nxb6 21. Na5 Nc8
22. Nc4 Bb5 23. Na3 Qd7 24. Re1 Nb6 25. b3 Nf6 26. Qc2 Re7 27. Rb1 Rbe8 28. b4
c4 29. Kh2 Ne4 30. Nxe4 fxe4 31. Bc3 Qf5 32. Bxg7 Kxg7 33. f3 Nxd5 34. Nxc4
exf3 35. Qxf5 gxf5 36. Nxd6 fxg2 37. Nxf5+ Kg6 38. Nxe7+ Rxe7 39. e4 Nc3 40.
Rb3 Nxe4 41. Kxg2 Rd7 42. g4 Rd2+ 43. Kf3 Ng5+ 44. Kf4 Rd4+ 45. Ke5 Rxb4 46.
Rxb4 Nf3+ 47. Ke6 Nxe1 48. Rf4 Bd3 49. h4 Ng2 50. Rf6+ Kg7 51. Rf7+ Kg8 52. Kf6
Ne3 53. Rg7+ Kf8 54. Rf7+ Kg8 55. Rg7+ Kf8 1/2-1/2

[Event "BL 0506 TV Tegernsee - Werder Bremen"]
[Site "?"]
[Date "2006.04.02"]
[Round "15.8"]
[White "Gross, David"]
[Black "Schandorff, Lars"]
[Result "1/2-1/2"]
[WhiteElo "2467"]
[BlackElo "2517"]
[PlyCount "119"]
[EventDate "2006.??.??"]

1. e4 c6 2. d4 d5 3. e5 Bf5 4. Nf3 e6 5. Be2 Ne7 6. O-O c5 7. c4 Nbc6 8. Na3
dxc4 9. Nxc4 Nd5 10. Bg5 f6 11. Be3 Be4 12. Rc1 Rb8 13. exf6 gxf6 14. dxc5 Be7
15. Nfd2 Bg6 16. Bh5 f5 17. Nb3 Nxe3 18. Nxe3 Bf6 19. Qe2 O-O 20. Rcd1 Qe7 21.
Rd6 Bxh5 22. Qxh5 Bxb2 23. Nc4 Bg7 24. f4 e5 25. fxe5 Nxe5 26. Ne3 Ng4 27. Nxf5
Rxf5 28. Qxf5 Ne3 29. Qe6+ Qxe6 30. Rxe6 Nxf1 31. Kxf1 Kf7 32. Re4 Rc8 33. Ra4
a6 34. Rb4 Rc7 35. Rb6 Bf8 36. Ke2 Bxc5 37. Nxc5 Rxc5 38. Rxb7+ Kg8 39. Kd3 Ra5
40. Rb2 Kf7 41. Ke3 Kf6 42. Kd4 Ra3 43. Kc4 a5 44. Kd5 Kg6 45. Ke4 Kg5 46. Rd2
h5 47. Rf2 Ra4+ 48. Ke5 Ra3 49. Ke6 Kg6 50. Ke5 Kg5 51. Re2 Ra4 52. Kd5 Ra3 53.
Rf2 Ra4 54. Kc5 Ra3 55. Kb6 Kg6 56. Rb2 Ra4 57. Ka6 Ra3 58. g3 h4 59. gxh4 Kh6
60. h5 1/2-1/2

[Event "BL 0506 SV Wattenscheid - SF Katernberg"]
[Site "?"]
[Date "2006.04.02"]
[Round "15.2"]
[White "Rustemov, Alexander"]
[Black "Erenburg, Sergey"]
[Result "1/2-1/2"]
[WhiteElo "2564"]
[BlackElo "2582"]
[PlyCount "82"]
[EventDate "2006.??.??"]

1. d4 d5 2. c4 c6 3. Nc3 Nf6 4. e3 e6 5. Qc2 a6 6. Nf3 c5 7. cxd5 exd5 8. Be2
Nc6 9. O-O Be6 10. dxc5 Bxc5 11. a3 Rc8 12. b4 Bd6 13. Bb2 O-O 14. Qb1 Bb8 15.
Rd1 Qc7 16. g3 Rfd8 17. b5 axb5 18. Nxb5 Qe7 19. Bxf6 Qxf6 20. Nbd4 Rd7 21. Ra2
Bg4 22. Kg2 Ba7 23. Rb2 Qe7 24. Ng1 Bxe2 25. Ngxe2 g6 26. Rb3 Na5 27. Rbd3 Nc4
28. a4 Qe4+ 29. Kg1 Ne5 30. Rb3 Bxd4 31. Nxd4 Rc4 32. a5 Ra4 33. Rb5 Nc4 34.
Qxe4 dxe4 35. Rc5 h5 36. Rc8+ Kh7 37. Re8 Nxa5 38. Rxe4 Nb3 39. Kg2 Nxd4 40.
exd4 Rb4 41. Kf3 f5 1/2-1/2

[Event "BL 0506 SV Wattenscheid - SF Katernberg"]
[Site "?"]
[Date "2006.04.02"]
[Round "15.3"]
[White "L'Ami, Erwin"]
[Black "Holzke, Frank Dr"]
[Result "1-0"]
[WhiteElo "2541"]
[BlackElo "2479"]
[PlyCount "89"]
[EventDate "2006.??.??"]

1. Nf3 Nf6 2. c4 c5 3. Nc3 Nc6 4. g3 g6 5. Bg2 Bg7 6. O-O O-O 7. d4 cxd4 8.
Nxd4 Ng4 9. e3 Nxd4 10. exd4 d6 11. b3 Rb8 12. Bb2 a6 13. a4 Nh6 14. Nd5 e6 15.
Ne3 b5 16. cxb5 axb5 17. a5 b4 18. Qd2 Ba6 19. Rfc1 Qe7 20. Ra4 d5 21. Nc2 Rfc8
22. Nxb4 Rxc1+ 23. Bxc1 Bb5 24. Ra1 Nf5 25. Nc2 Qa7 26. Bb2 Bc4 27. b4 Bb3 28.
g4 Nd6 29. Ne3 Nb5 30. g5 Bxd4 31. Bf1 Bxe3 32. Qxe3 Qxe3 33. fxe3 Bc4 34. Be5
Ra8 35. a6 Kf8 36. Ra5 Bxf1 37. Kxf1 Na7 38. b5 Nxb5 39. Rxb5 Rxa6 40. Rb8+ Ke7
41. Rb7+ Ke8 42. Bf6 Ra2 43. Re7+ Kf8 44. Rd7 Ra8 45. Ke2 1-0

[Event "BL 0506 SV Wattenscheid - SF Katernberg"]
[Site "?"]
[Date "2006.04.02"]
[Round "15.4"]
[White "Appel, Ralf"]
[Black "Senff, Martin"]
[Result "1/2-1/2"]
[WhiteElo "2488"]
[BlackElo "2469"]
[PlyCount "103"]
[EventDate "2006.??.??"]

1. c4 e6 2. e4 d5 3. exd5 exd5 4. d4 Nf6 5. Nc3 Bb4 6. Nf3 O-O 7. Be2 dxc4 8.
Bxc4 Bg4 9. Be3 Nd5 10. O-O Nxc3 11. bxc3 Bxc3 12. Rc1 Ba5 13. Qa4 Bxf3 14.
Qxa5 Be4 15. Qe5 Re8 16. Qf4 Bg6 17. Rfd1 Nd7 18. Bb3 Rc8 19. d5 a6 20. Qb4 b6
21. Bd4 Qg5 22. Rc3 Nf6 23. Be3 Qh5 24. Qf4 Rcd8 25. Qf3 Qe5 26. Rdc1 Be4 27.
Qg3 Qxg3 28. hxg3 Bxd5 29. Rxc7 Bxb3 30. axb3 Nd5 31. Rb7 Nxe3 32. fxe3 Rxe3
33. Rxb6 Rxg3 34. Ra1 h5 35. Kh2 h4 36. Ra2 g5 37. Rf2 Rgd3 38. Rxa6 R8d7 39.
b4 Kg7 40. Rf5 R3d5 41. Rxd5 Rxd5 42. Ra5 Rd4 43. Rxg5+ Kf6 44. Rb5 Ke6 45. Kh3
Kd6 46. Rb7 Rf4 47. b5 Kc5 48. Rb8 Kb4 49. Rh8 Kxb5 50. Rxh4 Rxh4+ 51. Kxh4 Kc6
52. Kg5 1/2-1/2

[Event "BL 0506 SV Wattenscheid - SF Katernberg"]
[Site "?"]
[Date "2006.04.02"]
[Round "15.5"]
[White "Souleidis, Georgios"]
[Black "Lemmers, Oscar"]
[Result "1-0"]
[WhiteElo "2421"]
[BlackElo "2425"]
[PlyCount "159"]
[EventDate "2006.??.??"]

1. e4 c5 2. Nf3 e6 3. d4 cxd4 4. Nxd4 a6 5. Bd3 Bc5 6. Nb3 Ba7 7. Qg4 Nf6 8.
Qg3 d6 9. Nc3 Nc6 10. Bg5 h6 11. Bd2 Nh5 12. Qf3 g6 13. Qe2 Bd7 14. g4 Nf6 15.
g5 Nh5 16. h4 Qe7 17. O-O-O O-O-O 18. Rh2 hxg5 19. hxg5 Kb8 20. f4 f6 21. gxf6
Qxf6 22. Qg4 Rhf8 23. Rf1 Nb4 24. Be2 Qf7 25. f5 exf5 26. exf5 Nxa2+ 27. Nxa2
Bxf5 28. Qg5 Nf6 29. Nc3 Qc7 30. Rh4 Nd5 31. Rc4 Qf7 32. Nxd5 Qxd5 33. Be3 Rc8
34. Bxa7+ Kxa7 35. Qe3+ Kb8 36. Qd4 Qg2 37. Qxd6+ Ka8 38. Qd2 Be6 39. Rxc8+
Rxc8 40. Nd4 Rd8 41. Qe3 Bc8 42. Rd1 Qh2 43. Nf3 Rxd1+ 44. Bxd1 Qh8 45. Qd4
Qxd4 46. Nxd4 Kb8 47. Kd2 Kc7 48. Ke3 Kd6 49. Bf3 b6 50. Be4 g5 51. Nf3 g4 52.
Ne1 a5 53. Nd3 b5 54. Kd4 g3 55. Nf4 Bg4 56. Ng2 Be6 57. Ne3 Bh3 58. Bd5 Bc8
59. Nf1 Be6 60. Be4 b4 61. Nxg3 a4 62. Bd3 a3 63. bxa3 bxa3 64. Ne4+ Kc7 65.
Kc3 Bd7 66. Nc5 Be8 67. Bc4 Kb6 68. Kb4 Bh5 69. Na4+ Kc6 70. Kxa3 Bg6 71. c3
Be4 72. Kb4 Bf3 73. Bb5+ Kc7 74. c4 Be2 75. c5 Bf3 76. Kc3 Bg2 77. Kd4 Bf3 78.
Nc3 Bg4 79. Nd5+ Kd8 80. Ke5 1-0

[Event "BL 0506 SV Wattenscheid - SF Katernberg"]
[Site "?"]
[Date "2006.04.02"]
[Round "15.6"]
[White "Straeter, Timo"]
[Black "Thesing, Matthias"]
[Result "1/2-1/2"]
[WhiteElo "2342"]
[BlackElo "2413"]
[PlyCount "80"]
[EventDate "2006.??.??"]

1. d4 Nf6 2. c4 e6 3. Nc3 d5 4. cxd5 exd5 5. Bg5 c6 6. e3 Bf5 7. Qf3 Bg6 8.
Bxf6 Qxf6 9. Qxf6 gxf6 10. Kd2 Nd7 11. Nf3 Nb6 12. Nh4 Nc8 13. Bd3 Nd6 14. f4
Be4 15. Bxe4 dxe4 16. g4 h5 17. h3 Kd7 18. Rag1 Ke6 19. Ke2 hxg4 20. hxg4 Be7
21. f5+ Kd7 22. Ng2 Rxh1 23. Rxh1 Rg8 24. Nf4 Rxg4 25. Nxe4 Nxe4 26. Kf3 Rxf4+
27. Kxf4 Nd2 28. e4 c5 29. Rd1 Bf8 30. dxc5 Kc6 31. b4 a5 32. bxa5 Nc4 33. Rd8
Bxc5 34. Ra8 Kb5 35. a4+ Kxa4 36. a6 Bd6+ 37. Kf3 bxa6 38. Rxa6+ Kb5 39. Ra1
Be5 40. Rd1 Kc5 1/2-1/2

[Event "BL 0506 SV Wattenscheid - SF Katernberg"]
[Site "?"]
[Date "2006.04.02"]
[Round "15.7"]
[White "Scholz, Christian"]
[Black "Thiel, Thomas"]
[Result "0-1"]
[WhiteElo "2390"]
[BlackElo "2308"]
[PlyCount "92"]
[EventDate "2006.??.??"]

1. d4 Nf6 2. c4 g6 3. Nc3 d5 4. Bf4 Bg7 5. e3 c5 6. dxc5 Qa5 7. Rc1 dxc4 8.
Bxc4 O-O 9. Qa4 Qxc5 10. Nb5 Nd5 11. b4 Qc6 12. Ne2 Nb6 13. Qb3 Nxc4 14. Qxc4
Be6 15. Qxc6 Nxc6 16. a3 Rac8 17. f3 a6 18. Nbc3 Ne5 19. Bxe5 Bxe5 20. Kf2 Rfd8
21. Rhd1 Rxd1 22. Nxd1 Rd8 23. f4 Bb8 24. Ndc3 Ba7 25. Rd1 Rc8 26. Rd2 Kg7 27.
Kf3 h5 28. h3 Rc7 29. Nd5 Rd7 30. e4 f5 31. Nec3 fxe4+ 32. Kxe4 Bf5+ 33. Kf3 h4
34. Rd1 Bc2 35. Rc1 Bb3 36. Ke4 e6 37. Ne3 Rd4+ 38. Ke5 Rd3 39. Ned1 Rd2 40.
Rb1 Bb8+ 41. Ke4 Bc2+ 42. Ke3 Rd3+ 43. Ke2 Bxb1 44. Nxb1 Rb3 45. Ndc3 Bxf4 46.
Kd3 Rb2 0-1

[Event "BL 0506 SV Wattenscheid - SF Katernberg"]
[Site "?"]
[Date "2006.04.02"]
[Round "15.8"]
[White "Lang, Daniel"]
[Black "Rosen, Bernd"]
[Result "0-1"]
[WhiteElo "2103"]
[BlackElo "2310"]
[PlyCount "46"]
[EventDate "2006.??.??"]

1. d4 c5 2. d5 Nf6 3. c4 e5 4. Nc3 d6 5. e4 Be7 6. Bd3 O-O 7. h3 Na6 8. Nge2
Ne8 9. g4 Bg5 10. Ng3 Nac7 11. Qf3 Bd7 12. a4 Na6 13. h4 Bxc1 14. Rxc1 Nb4 15.
Nf5 g6 16. Ng3 Bxg4 17. Qe3 Nxd3+ 18. Qxd3 Qf6 19. Nd1 Qf4 20. Rc3 Nf6 21. Qe3
Bxd1 22. Kxd1 Ng4 23. Qxf4 exf4 0-1

[Event "BL 0506 Solinger SG - SV Mülheim Nord"]
[Site "?"]
[Date "2006.04.02"]
[Round "15.1"]
[White "Landa, Konstantin"]
[Black "Jussupow, Artur"]
[Result "1/2-1/2"]
[WhiteElo "2600"]
[BlackElo "2595"]
[PlyCount "47"]
[EventDate "2006.??.??"]

1. d4 Nf6 2. c4 e6 3. Nc3 Bb4 4. Qc2 Nc6 5. Nf3 d6 6. Bd2 O-O 7. a3 Bxc3 8.
Bxc3 Qe7 9. g3 e5 10. d5 Nb8 11. Bg2 Nh5 12. O-O f5 13. e3 Nd7 14. Nd2 a5 15.
b3 b6 16. f4 e4 17. b4 Ba6 18. bxa5 b5 19. g4 fxg4 20. Nxe4 bxc4 21. Bd4 Ndf6
22. Ng5 Bc8 23. Rfc1 h6 24. Ne6 1/2-1/2

[Event "BL 0506 Solinger SG - SV Mülheim Nord"]
[Site "?"]
[Date "2006.04.02"]
[Round "15.5"]
[White "Saltaev, Mihail"]
[Black "Gabriel, Christian"]
[Result "0-1"]
[WhiteElo "2498"]
[BlackElo "2531"]
[PlyCount "76"]
[EventDate "2006.??.??"]

1. e4 e5 2. Nf3 Nc6 3. Bb5 a6 4. Ba4 Nf6 5. d3 d6 6. c4 g6 7. Nc3 Bg7 8. Nd5 h6
9. h3 Nd7 10. Be3 Nd4 11. Nh2 c6 12. Nc3 Nc5 13. Qd2 f5 14. Bd1 b5 15. b4 Nce6
16. exf5 Nxf5 17. Bf3 Ned4 18. Bxd4 Nxd4 19. Be4 O-O 20. O-O bxc4 21. dxc4 Be6
22. c5 a5 23. bxa5 d5 24. Bxg6 e4 25. Bh5 Qxa5 26. Qc1 Qxc5 27. Ne2 Nxe2+ 28.
Bxe2 Qd6 29. Rb1 Rxa2 30. Bg4 Bf7 31. Rb6 Be5 32. Rxc6 Bxh2+ 33. Kh1 Qf4 34.
Qb1 Rfa8 35. Be6 Bxe6 36. Rxe6 Qf5 37. Rxh6 Be5 38. Qb7 Ra1 0-1

[Event "BL 0506 Solinger SG - SV Mülheim Nord"]
[Site "?"]
[Date "2006.04.02"]
[Round "15.6"]
[White "Hoffmann, Michael"]
[Black "Hausrath, Daniel"]
[Result "1/2-1/2"]
[WhiteElo "2443"]
[BlackElo "2463"]
[PlyCount "31"]
[EventDate "2006.??.??"]

1. e4 c5 2. Nf3 Nc6 3. d4 cxd4 4. Nxd4 Nf6 5. Nc3 e5 6. Ndb5 d6 7. Bg5 a6 8.
Na3 b5 9. Bxf6 gxf6 10. Nd5 f5 11. Bd3 Be6 12. Qh5 Rg8 13. g3 Rg5 14. Qd1 Bxd5
15. exd5 Ne7 16. c3 1/2-1/2

[Event "BL 0506 Solinger SG - SV Mülheim Nord"]
[Site "?"]
[Date "2006.04.02"]
[Round "15.8"]
[White "Zysk, Robert"]
[Black "Sielecki, Christof"]
[Result "0-1"]
[WhiteElo "2460"]
[BlackElo "2382"]
[PlyCount "118"]
[EventDate "2006.??.??"]

1. Nf3 Nf6 2. c4 Nc6 3. d4 e6 4. Bf4 Bb4+ 5. Nbd2 O-O 6. e3 d6 7. a3 Bxd2+ 8.
Qxd2 Qe7 9. Be2 e5 10. Bg5 h6 11. Bxf6 Qxf6 12. d5 Nb8 13. O-O Bg4 14. b4 a5
15. Rac1 axb4 16. axb4 b6 17. h3 Bxf3 18. Bxf3 Qe7 19. Ra1 Nd7 20. Qc2 Nf6 21.
e4 Rfb8 22. Rfc1 Qd8 23. Qc3 Rxa1 24. Rxa1 Ra8 25. Rc1 g6 26. g3 Kg7 27. h4 Ra4
28. Ra1 Qa8 29. Rxa4 Qxa4 30. Qb2 h5 31. Kf1 c5 32. dxc6 Qxc6 33. Qe2 Ng8 34.
Qd3 Ne7 35. Bd1 Qc7 36. Ba4 Ng8 37. f3 Nf6 38. Bb5 Nh7 39. Qd2 Nf8 40. Kg2 Ne6
41. Qd3 Nd4 42. Ba6 Qa7 43. b5 Qc7 44. Kf1 f6 45. Kg2 g5 46. hxg5 fxg5 47. Qf1
Kh6 48. Qd3 Qc5 49. Bb7 Qb4 50. Bc6 Qb2+ 51. Kg1 Qc1+ 52. Kg2 h4 53. gxh4 gxh4
54. Bd7 Kg5 55. Kf2 Qb2+ 56. Ke1 Kf4 57. Bg4 h3 58. Bxh3 Nxf3+ 59. Kd1 Qa1+ 0-1

[Event "BL 0506 SK Zehlendorf - SF Berlin"]
[Site "?"]
[Date "2006.04.02"]
[Round "15.1"]
[White "Polzin, Rainer"]
[Black "Richter, Michael"]
[Result "1-0"]
[WhiteElo "2514"]
[BlackElo "2407"]
[PlyCount "127"]
[EventDate "2006.??.??"]

1. e4 e6 2. d4 d5 3. Bd3 dxe4 4. Bxe4 Nf6 5. Bf3 Nc6 6. Ne2 Bd6 7. Nbc3 Bd7 8.
Bg5 h6 9. Bh4 g5 10. Bg3 Qe7 11. Qd2 e5 12. Bxc6 Bxc6 13. dxe5 Bxe5 14. Bxe5
Qxe5 15. O-O-O O-O 16. Nd4 Be4 17. Rhe1 Rad8 18. Nxe4 Nxe4 19. Qe3 Rfe8 20. f3
c5 21. Qxe4 Qb8 22. Nc6 Rxd1+ 23. Rxd1 bxc6 24. Qxc6 Re6 25. Qxc5 Qxh2 26. b3
Qxg2 27. Rd8+ Kh7 28. Qf8 Kg6 29. Qg8+ Kf6 30. Rd7 Re7 31. Qh8+ Ke6 32. Rd3
Qg1+ 33. Kb2 Qh2 34. Re3+ Kd7 35. Rd3+ Ke6 36. Re3+ Kd7 37. Qd4+ Ke8 38. Rxe7+
Kxe7 39. Qxa7+ Kf8 40. Qc5+ Kg7 41. Qd4+ f6 42. a4 Qc7 43. b4 h5 44. b5 h4 45.
b6 Qb8 46. Qc5 h3 47. Qc7+ Qxc7 48. bxc7 h2 49. c8=Q h1=Q 50. Qb7+ Kh6 51. Qc6
Kg6 52. a5 Qg1 53. a6 Qd4+ 54. c3 Qd2+ 55. Kb3 Qd1+ 56. Kb4 Qa1 57. Kb5 Qb2+
58. Ka5 Qb3 59. a7 Qa3+ 60. Kb6 Qb3+ 61. Kc7 Qf7+ 62. Kb8 Qf8+ 63. Qc8 Qd6+ 64.
Qc7 1-0